000 00447nam a2200157 i 4500
001 89137
003 ES-MaACL
005 20230906180102.0
007 t|
008 050105s1968 sp ||||1| spa d
100 1 _aLarrabe, José Luis.
_970290
245 1 3 _aLa ley evangélica en la historia de la salvación /
_cJosé Luis Larrabe.
260 _a[Vitoria :
_bs.n.,
_c1968]
300 _a175 p. ;
_c21 cm.
852 _aES-MaACL
_jC-50464
_bR.66868
999 _c89137
_d89137